| 000 | 01235nam a22002655i 4500 | ||
|---|---|---|---|
| 001 | 159524 | ||
| 003 | ES-MaACL | ||
| 005 | 20231226174859.0 | ||
| 008 | 990503s1881 sp |||| | spa d | ||
| 100 | 1 |
_aMesonero Romanos, Ramón de, _d1803-1882 _980672 |
|
| 245 | 1 | 0 |
_aTipos y caracteres _b: bocetos de cuadros de costumbres : (1843 a 1862) / _cpor El Curioso Parlante. |
| 250 | _aNueva ed., corr. y aum. | ||
| 260 |
_aMadrid : _bOficinas de la Ilustración Española y Americana, _c1881. |
||
| 300 |
_aXIII, 304 p. ; _c22 cm. |
||
| 490 | 1 |
_aObras jocosas y satíricas de El Curioso Parlante ; _v3 |
|
| 505 | 8 | _aIncluye: Poesías típico-características | |
| 530 | _aDisponible en formato digital. | ||
| 593 | _aEl Curioso Parlante es seud. de Ramón de Mesonero Romanos. | ||
| 651 | 4 |
_aMadrid- _xUsos y costumbres- _yS.XIX. _98988 |
|
| 830 | 1 |
_aObras jocosas y satíricas de El Curioso Parlante ; _v3 _9221945 |
|
| 852 |
_aES-MaACL _jZ-30(I) _z- Enc. hol. _xOlim: B-5674(1) |
||
| 856 |
_uhttp://bdh-rd.bne.es/viewer.vm?id=0000108289&page=1 _zBiblioteca Digital Hispánica |
||
| 856 |
_uhttp://hdl.handle.net/10017/9331 _zBiblioteca Digital de la Universidad de Alcalá |
||
| 999 |
_c159524 _d159524 |
||